000 01290nam a22003857a 4500
003 AR-RoUNA
005 20260320105608.0
008 260320b |||||||| |||| 00| 0 spa d
040 _aAR-RoUNA
_bspa
_dAR-RoUNA
041 _aspa
_hspa
044 _aag
245 1 0 _aRuinas jesuiticas de San Ignacio Mini /
260 _aBuenos Aires, Argentina :
_b Producciones Graficas Boffi y Gonzalez,
_c[s.f.]
300 _a32 paginas con ilustraciones
_bfot. col.
_c27x18 cm
505 0 _tCONTENIDO
505 0 _tIntroduccion
505 0 _tLa compaƱia de Jesus
505 0 _tLas Misiones Jesuiticas
505 0 _tEl gobierno civil
505 0 _tLa organizacion economica
505 0 _tLa destruccion de San Ignacio Mini
505 0 _tHistoria de la reduccion de San Ignacio Mini
505 0 _tEl pueblo de la reduccion de San Ignacio de San Ignacio Mini
505 0 _tEl templo de San Ignacio Mini
650 4 _aArquitectura jesuitica
650 4 _aHistoria de la cultura
650 4 _aPueblos originarios
650 4 _aAborigenes argentinos
651 4 _aSan Ignacio, Misiones, Argentina
_927658
908 _aImp
930 _e12310
942 _2ddc
_cLIB
945 _aMIA
_d2026-03-20
980 _61
_aMaricel Allasia
_81
_gMaricel Allasia
999 _c12370
_d12370